Statystyki dla Najlepiej sprzedające się serie gier w historii

Kliknij tutaj aby rozwiązać quiz!

Ogólne statystyki

  • Ten quiz został rozwiązany 15 razy
  • Średni wynik to 4 z 9

Statystyki odpowiedzi

HintOdpowiedź% Poprawnych
100 milionówFIFA
73%
100 milionówCall of Duty
67%
185 milionówGrand Theft Auto
67%
446 milonówMario
40%
150 milionówNeed For Speed
40%
219 milionówPokemon
33%
125 milionówTetris
33%
150 milionówSims
20%
102 milionyFinal Fantasy
0%

Rozkład punktacji

Percentyl według liczby udzielonych odpowiedzi

Procent ludzi z każdym wynikiem

Twoja historia wyników

Nie rozwiązałeś tego quizu